000 00673nam a2200181Ia 4500
005 20250423101213.0
008 250422s9999 xx 000 0 und d
020 _a9781575422794
050 _aLC 3993.9 .W556/
100 _aWinebrenner, Susan
245 4 _aThe cluster grouping handbook : a schoolwide model : how to challenge gifted students and improve achievement for all
260 _aMinneapolis
260 _bFree Spirit Pub.
260 _cc2008
300 _a212 p
650 _aGifted children--Education--United States. Mainstreaming in education--United States. Group work in education--United States. Academic achievement--United States.
942 _cBK
999 _c35602
_d35602